| 000 | 00534nam a22001457a 4500 | ||
|---|---|---|---|
| 003 | 0 | ||
| 005 | 20221015104645.0 | ||
| 008 | 221015b xxu||||| |||| 00| 0 eng d | ||
| 050 |
_aRJ503 _b.Ab28 2021 |
||
| 245 |
_aAn exploratory research on the factors affecting emotional distress scores of adolescents in Metro Manila, Philippines _cMariam P. Aburayyan |
||
| 260 |
_aLas Pinas, Philippines _bSouthville International School and Colleges _cC2021 |
||
| 300 |
_ax134pp. _c28cm. _fTheses |
||
| 500 | _aEmotional distress. | ||
| 942 |
_2lcc _cTH |
||
| 999 |
_c364853 _d364853 |
||